| 000 | 00956nam a22002537a 4500 | ||
|---|---|---|---|
| 999 |
_c4019 _d4019 |
||
| 003 | AR-CdUCM | ||
| 008 | 190307b ||||| |||| 00| 0 spa d | ||
| 020 | _a950-614-094-4 | ||
| 040 |
_aMUNICIPALIDAD PROVINCIAL DEL CUSCO _cBIBLIOTECA MUNICIPAL DEL CUSCO |
||
| 041 | _hger | ||
| 082 |
_a937 / _bM82 |
||
| 100 |
_aMommsen, Theodor _912821 |
||
| 245 |
_aHistoria de Roma : _bFragmento / |
||
| 260 |
_aArgentina : _bEdiciones Orbis, _c1983. |
||
| 300 |
_a155 páginas ; _c20 cm. |
||
| 440 |
_aPremio Nobel 1902. _n37 _912822 |
||
| 505 | _aContenido: Situación de Roma y Cartago después de la primera guerra Púnica -- Amilcar, general en jefe -- Llegada de Amilcar a España -- El gobierno de Roma y los Barca -- Aníbal, dueño del Norte de Italia ... | ||
| 650 |
_aEuropa _91221 |
||
| 650 |
_aHistoria _9136 |
||
| 650 |
_aGuerras con los Galos _912823 |
||
| 700 |
_aGarcía Moreno, A. (traducción) _912824 |
||
| 942 |
_2ddc _cLIBROS |
||
| 945 | _aachl | ||